000 00675nmc a2200253 a 4500
003 AR-BaBNM
005 20251128211255.0
008 243020s2002 ||||||||||||||000 | spa||
020 _a950-518-822-6
040 _cAR-BaBNM
100 1 _aJackson, Philip W.
245 1 0 _aPráctica de la enseñanza
250 _a1ª ed.
260 _aBuenos Aires
_bAmorrortu Editores
_c2002
300 0 _a190 p.
490 0 _aAgenda educativa
504 _aContiene referencias bibliográficas en notas a pie de página
650 4 _aENSENANZA
650 4 _aPRAXIS EDUCATIVA
653 0 _aESTRATEGIAS DIDACTICAS
800 1 _aLitwin, Edith
942 _cBK
998 _craquel
999 _c18948
_d18948